| Tag |
First Indicator |
Second Indicator |
Subfields |
| LEADER |
00000cam a2200000 4500 |
| 001 |
in00000093771 |
| 005 |
20150927070218.0 |
| 008 |
800404s1921 enka 00010 eng d |
| 035 |
|
|
|a (OCoLC)06169295
|
| 035 |
|
|
|9 AAL5620AM
|
| 040 |
|
|
|a TXA
|c TXA
|d UtOrBLW
|
| 049 |
|
|
|a TXAM
|c [380708]
|
| 090 |
|
|
|a TN870
|b .C95 1921
|
| 100 |
1 |
|
|a Cunningham-Craig, Edward Hubert.
|
| 245 |
1 |
0 |
|a Oil-finding ;
|b an introduction to the geological study of petroleum /
|c by E. H. Cunningham Craig.
|
| 250 |
|
|
|a 2d ed.
|
| 264 |
|
1 |
|a London :
|b Edward Arnold,
|c 1921.
|
| 300 |
|
|
|a xi, 324 pages :
|b illustrations
|
| 336 |
|
|
|a text
|b txt
|2 rdacontent
|
| 337 |
|
|
|a unmediated
|b n
|2 rdamedia
|
| 338 |
|
|
|a volume
|b nc
|2 rdacarrier
|
| 650 |
|
0 |
|a Petroleum
|x Geology.
|
| 999 |
|
|
|a MARS
|
| 999 |
f |
f |
|s 0204e7b8-cef9-378e-bb64-9ae6b89e04d2
|i 2b1df037-5167-3186-a845-9214e22178a5
|t 0
|
| 952 |
f |
f |
|p ric
|a Texas A&M University
|b Rellis Campus
|c Joint Library Facility
|d Remote Storage
|t 0
|e TN870 .C95 1921
|h Library of Congress classification
|i unmediated -- volume
|m A14805585963
|
| 998 |
f |
f |
|a TN870 .C95 1921
|t 0
|l Remote Storage
|